Loreto College Library, Kolkata
WEBOPAC (ONLINE PUBLIC ACCESS CATALOGUE)

The function of criticism (Record no. 539)

MARC details
000 -LEADER
fixed length control field 00631nam a2200217Ia 4500
005 - DATE AND TIME OF LATEST TRANSACTION
control field 20220713113014.0
008 - FIXED-LENGTH DATA ELEMENTS--GENERAL INFORMATION
fixed length control field 131103s9999 xx 000 0 und d
040 ## - CATALOGING SOURCE
Original cataloging agency Loreto College
041 ## - LANGUAGE CODE
Language code English
082 ## - DDC | ডিউই
Classification number | বর্গসংখ্যা 801
Book Number | গ্রন্থাঙ্ক WIN
100 ## - MAIN ENTRY--PERSONAL NAME | মুখ্য সংলেখ - ব্যাক্তিনাম
Personal name | ব্যাক্তিনাম Winters, Yvor
245 #4 - TITLE STATEMENT | অাখ্যা বিবরণী
Title | অাখ্যা The function of criticism
Sub title | উপঅাখ্যা Problems and exercises
Statement of responsibility | লেখকের দায়িত্বের বিবরণ by Yvor Winters
260 ## - IMPRINT | প্রকাশনা ক্ষেত্র
Place of publication | প্রকাশ স্থান London
Name of publisher | প্রকাশকের নাম Routledge & Kegan Paul
Date of publication | প্রকাশ কাল 1967 printing
300 ## - PHYSICAL DESCRIPTION |
Page / Vol. No | পৃষ্ঠা / খন্ড সংখ্যা 200 p.
440 ## - SERIES STATEMENT |গ্রন্থমালা
Series Title | গ্রন্থমালা অাখ্যা Routledge paperbacks
504 ## - BIBLIOGRAPHY, ETC. NOTE
Bibliography, etc First published in England in1962
650 ## - SUBJECT ADDED ENTRY--TOPICAL TERM | বিষয় শিরোনাম - মূল বিষয়
Topical term | মূল বিষয় Literature -
651 ## - SUBJECT ADDED ENTRY--GEOGRAPHIC NAME | বিষয় শিরোনাম - ভৌগলিক নাম
Geographic name | ভৌগলিক বিষয় Literary Theory - Literary Criticism -
850 ## - HOLDING INSTITUTION
Holding institution LCLIB
942 ## - ADDED ENTRY ELEMENTS (KOHA)
Koha item type Books
Holdings
Withdrawn status Lost status Source of classification Damaged status Not for loan Home library Current library Date acquired Total Checkouts Full call number Accession No. Date last seen Price effective from Koha item type Coded location qualifier
    Dewey Decimal Classification     Loreto College Loreto College 04/11/2013   801 WIN 16168 B548 04/11/2013 04/11/2013 Books